[Event "Wch U08"]
[Site "Montesilvano"]
[Date "2024.11.26"]
[Round "11"]
[White "Bisetto, Alessandro Federico"]
[Black "Sverrisson, Dagur"]
[Result "1-0"]
[WhiteElo "1671"]
[BlackElo "1449"]
[PlyCount "55"]
[EventDate "2024.11.15"]
[EventType "swiss"]
[EventRounds "11"]
[EventCountry "ITA"]
[SourceTitle "CB48_2024"]
[SourceDate "2024.11.28"]
[SourceVersion "1"]
[SourceVersionDate "2024.11.28"]
[SourceQuality "1"]

1. e4 e5 2. Nf3 Nc6 3. Bc4 Nf6 4. d3 h6 5. 0-0 g5 6. d4 d5 7. exd5 e4 8. dxc6 exf3 9. Re1+ Be7 10. Qxf3 bxc6 11. Qxf6 Be6 12. Qxh8+ Bf8 13. Bxe6 fxe6 14. Rxe6+ Kf7 15. Rxh6 Bxh6 16. Qxh6 Qxd4 17. Nd2 Re8 18. Qh5+ Kf8 19. Qf3+ Kg7 20. Qc3 Qxc3 21. bxc3 c5 22. Bb2 Re2 23. Rd1 Re8 24. c4+ Kg6 25. Nf3 g4 26. Ne5+ Kg5 27. Re1 c6 28. Nf7+ 1-0